000 00644nam a2200241Ia 4500
003 OSt
005 20221005033438.0
006 a|||||r|||| 00| 0
007 ta
008 221004b |||||||| |||| 00| 0 san d
024 _a106538
037 _cTextual
040 _aCRL
_cCRL
_bsan
041 _2san
_asan
082 _aO15:gxF20,1,1, M2
100 _aRuyyaka Rajanaka
245 0 _aAlankarasarvasva
260 _aDelhi
_bBharatiya Vidya Prakashan India
_c1982
300 _a205p.
_ccm.
650 _aSANSKRIT LITERATURE
942 _hO15:gxF20,1,1, M2
_cTEXL
_2cc
999 _c941537
_d941537